Desarrollo histórico de los procesos cognitivos
Сохранить в:
| Главный автор: | |
|---|---|
| Формат: | |
| Язык: | испанский |
| Опубликовано: |
Madrid
Akal
1987
|
| Серии: | Psicología, 92
|
| Предметы: | |
| Метки: |
Добавить метку
Нет меток, Требуется 1-ая метка записи!
|
MARC
| LEADER | 00000nam a2200000 a 4500 | ||
|---|---|---|---|
| 001 | UCK5064 | ||
| 003 | CL-VaPUC | ||
| 008 | 050708e19870000SP |||||||||||||||||spa|d | ||
| 020 | |a 8476001487 | ||
| 082 | 0 | 4 | |a 155.413 |b LUR |2 21 |
| 100 | |a Luria, Aleksander Romanovich |e autor |9 549746 | ||
| 245 | 1 | 0 | |a Desarrollo histórico de los procesos cognitivos |
| 300 | |a 192 p | ||
| 942 | |c BK | ||
| 945 | |d 20050708 00:00:00 |a cmena | ||
| 260 | |a Madrid |b Akal |c 1987 | ||
| 650 | 0 | |a Procesos cognitivos |9 493766 | |
| 650 | 7 | |a PROCESOS MENTALES |2 CL-VaPUC |9 370472 | |
| 650 | 7 | |a PROCESOS PSIQUICOS |2 CL-VaPUC |9 493767 | |
| 650 | 0 | |a Cognición |9 270347 | |
| 650 | 7 | |a DESARROLLO HISTORICO |2 CL-VaPUC |9 389617 | |
| 583 | |a last modification |c 20050708 00:00:00 |k Rodrigo Vera | ||
| 490 | 0 | |a Psicología, 92 | |
| 999 | |c 313751 |d 313749 | ||
| 952 | |0 0 |1 0 |4 0 |6 155_413000000000000_LUR_1987 |7 0 |8 A |9 385245 |a BIBHIS |b BIBHIS |d 2019-11-22 |i 4141652 |o 155.413 LUR 1987 |p 4141652 |r 2025-01-20 |w 2019-11-22 |y BK |k HIS | ||